| 000 | 00544cam a2200181 4500 | ||
|---|---|---|---|
| 001 | BIIH003880 | ||
| 008 | 1984 spa | ||
| 020 | _a968-496-043-3 | ||
| 035 | _aBIIH003880 | ||
| 050 | 4 |
_aF1486 _b.3 C33 1984 |
|
| 100 | 1 | _aCabarrus, Carlos Rafael Cabarrus. | |
| 245 | 3 |
_aEl Salvador : de movimiento campesino a revolucion popular / _cCarlos Rafael Cabarrus. |
|
| 260 |
_aMéxico : _bSEP, _c1984 |
||
| 300 |
_a59 p. ; _c21 cm. |
||
| 440 | 0 | _aDisertaciones Doctorales ; 2 | |
| 500 | _a2 ejemplares | ||
| 942 |
_2lcc _cLIB |
||
| 999 |
_c62829 _d62829 |
||